[Event "Cairo Al Ain op"]
[Site "Cairo"]
[Date "2023.12.01"]
[Round "8"]
[White "Khatab, Esam"]
[Black "Ahmed Salah, Ali"]
[Result "0-1"]
[WhiteElo "1853"]
[BlackElo "1288"]
[PlyCount "92"]
[EventDate "2023.11.27"]
[EventType "swiss"]
[EventRounds "10"]
[EventCountry "EGY"]
[SourceTitle "CB49_2023"]
[SourceDate "2023.12.06"]
[SourceVersion "1"]
[SourceVersionDate "2023.12.06"]
[SourceQuality "1"]

1. e4 c6 2. d4 d5 3. Nc3 dxe4 4. Nxe4 Nf6 5. f3 e6 6. Bg5 Be7 7. Nh3 Nbd7 8. Bc4 Nd5 9. Nd6+ Kf8 10. Bxe7+ Qxe7 11. Nxc8 Rxc8 12. Qd2 a6 13. 0-0 N7b6 14. Bb3 Kg8 15. c4 Nf6 16. Rae1 Qd7 17. c5 Nbd5 18. Re5 Rd8 19. Rd1 Ne7 20. Nf4 Ned5 21. Nh5 Nxh5 22. Rxh5 Ne7 23. Re5 Ng6 24. Re4 Ne7 25. f4 g6 26. g4 h5 27. Qe2 hxg4 28. Rxe6 Nd5 29. Re4 g3 30. hxg3 Rh3 31. Qg2 Qg4 32. Rd3 Kg7 33. Bd1 Qd7 34. f5 Rh6 35. g4 Rdh8 36. Rg3 Rh1+ 37. Qxh1 Rxh1+ 38. Kxh1 Nf6 39. Rf4 g5 40. Rf1 Qxd4 41. b4 Ne4 42. Rgf3 Qxb4 43. Rb3 Qxc5 44. Rxb7 Nf2+ 45. Kg2 Nxd1 46. Rxd1 Qc2+ 0-1